Darwin's orchids : then and now
Αποθηκεύτηκε σε:
| Άλλοι συγγραφείς: | , |
|---|---|
| Μορφή: | Βιβλίο |
| Γλώσσα: | English |
| Δημοσίευση: |
Chicago :
University of Chicago Press,
c2014
|
| Θέματα: | |
| Ετικέτες: |
Προσθήκη ετικέτας
Δεν υπάρχουν, Καταχωρήστε ετικέτα πρώτοι!
|
MARC
| LEADER | 00000nam a2200000 a 4500 | ||
|---|---|---|---|
| 001 | 1/107015 | ||
| 008 | 150617s2014####ilu|||||||||||||| ||eng|| | ||
| 020 | |a 9780226044910 | ||
| 040 | |a GR-MyUa |b gre |c GR-MyUa |e AACR2 | ||
| 041 | 0 | |a eng | |
| 082 | 7 | |a 584.4 |2 (23) | |
| 245 | 0 | 0 | |a Darwin's orchids : |b then and now / |c edited by Retha Edens-Meier and Peter Bernhardt. |
| 260 | |a Chicago : |b University of Chicago Press, |c c2014 | ||
| 300 | |a xi, 419 σ. : |b εικ. ; |c 24 εκ. | ||
| 504 | |a Περιέχει βιβλιογραφικές αναφορές και ευρετήριο. | ||
| 600 | 0 | 0 | |a Darwin, Charles, |d 1809-1882. |
| 650 | 0 | |a Orchids. | |
| 650 | 0 | |a Botany |x History. | |
| 700 | 1 | |a Edens-Meier, Retha, |e edtf | |
| 700 | 1 | |a Bernhardt, Peter, |e edt | |
| 852 | |a INST |b LESVOS |c BK |e 20150617 |h 584.4 DAR |p 005100056927 |q 005100056927 |t BK |y 0 | ||
| 922 | |a 1ΕΛΗ |b 2014-04 |c Τμήμα Γεωγραφίας |d Διαδρομές | ||
| 970 | |a Καμάτσου |b Δέσποινα |z 17-06-2105 | ||